| 000 | 00458nam a2200193Ia 4500 | ||
|---|---|---|---|
| 005 | 20250423100344.0 | ||
| 008 | 250422s9999 xx 000 0 und d | ||
| 020 | _a9781608315864 | ||
| 050 | _aRD 37 .J37/ | ||
| 100 | _aJarrell, Bruce E. | ||
| 245 | 0 | _aNMS Surgery casebook | |
| 250 | _a2nd ed. | ||
| 260 | _aPhiladelphia | ||
| 260 | _bWolters Kluwer | ||
| 260 | _c2016 | ||
| 300 | _a463 p | ||
| 650 | _aGeneral Surgery--Case Reports | ||
| 942 | _cBK | ||
| 999 |
_c33057 _d33057 |
||